| 000 | 00795cab a2200265 4500 | ||
|---|---|---|---|
| 001 | ABS58336 | ||
| 008 | 090401t1998 xxu||||| |||| 00| 0 eng d | ||
| 035 | _a(Sirsi) u84521 | ||
| 041 | _aeng | ||
| 245 | _aSweden | ||
| 260 | _c1998 | ||
| 350 | _a0 | ||
| 490 |
_aEuroProperty _vFebruary 1998, 19-27(7) |
||
| 520 | _aReport on the Swedish property market. Provides a detailed overview of the office market and looks at overseas investment in Swedish property. | ||
| 650 | _aPROPERTY-COMMERCIAL PROPERTY-OFFICE PROPERTY-OFFICE PROPERTY MARKET | ||
| 650 | _aOVERSEAS INVESTMENT | ||
| 650 | _aPROPERTY PORTFOLIOS | ||
| 650 | _aSCANDINAVIA | ||
| 650 | _aSTOCKHOLM | ||
| 650 | _aSWEDEN | ||
| 650 | _aUNITED STATES | ||
| 690 | _aOVERSEAS-EUROPE | ||
| 942 | _n0 | ||
| 948 | _c26/02/1998 | ||
| 999 |
_c53115 _d53115 |
||